| 000 | 00800nam a2200229 a 4500 | ||
|---|---|---|---|
| 005 | 20210223125020.0 | ||
| 008 | 030619s1974 mx r 000 0 spa d | ||
| 035 | _aUPN01000126186 | ||
| 049 | _aSEP | ||
| 050 | 4 |
_aAC75 _bS4 no.152 |
|
| 100 | 1 |
_aBernal, Ignacio, _d1910-1992 _932899 |
|
| 245 | 1 | 0 |
_aTres científicos mexicanos / _cIgnacio Bernal, Alfonso Vélez Orozco, Juan García Ramos ; presentación de Raúl Cardiel Reyes. |
| 260 |
_aMéxico : _bSEP, _c1974. |
||
| 300 |
_a212 p. : _bil. |
||
| 440 | 0 |
_aSepSetentas ; _v152 |
|
| 600 | 1 | 4 |
_aCASO, ANTONIO, _d1883-1946 |
| 600 | 1 | 4 |
_aGONZALEZ GUZMAN, IGNACIO, _d1898-1972 _912615 |
| 600 | 1 | 4 |
_aROSENBLEUTH STEARNS, ARTURO, _d1900-1970 _912614 |
| 700 | 1 |
_aVélez Orozco, Alfonso, _ecoaut. |
|
| 700 | 1 |
_aGarcía Ramos, Juan, _ecoaut. |
|
| 905 | _aLibro | ||
| 999 |
_c98365 _d98365 |
||